000 00340nam a2200121Ia 4500
005 20260328104254.0
008 260328s9999||||xx |||||||||||||| ||und||
100 _aBowkett, Steve
245 0 _aArchi-Doodle :
_b An Architect's activity BookSteve /
_cSteve Bowkett
260 _bLaurence King
650 _aDIBUJO ARQUITECTÓNICO
942 _cBK
999 _c10357
_d10357